000 00207 a2200097 4500
020 _a9798875296215
041 _aspa
100 _aWaldendorf, Kurt
245 _aFemenina El Primer Plano
942 _cLibros/Book
999 _c31977
_d31975